Acorn to oak tree / (Record no. 2951)

MARC details
000 -LEADER
fixed length control field 01012cam a22003137a 4500
005 - DATE AND TIME OF LATEST TRANSACTION
control field 20250826093552.0
020 ## - INTERNATIONAL STANDARD BOOK NUMBER
International Standard Book Number 9781609921453
040 ## - CATALOGING SOURCE
Original cataloging agency UKMGB
Language of cataloging eng
Transcribing agency UKMGB
Modifying agency BTCTA
-- OCLCO
-- IK2
-- QBX
-- T3N
-- VP@
-- BDX
-- DLC
050 00 - LIBRARY OF CONGRESS CALL NUMBER
Classification number QK495.F14
Item number 2010
082 04 - DEWEY DECIMAL CLASSIFICATION NUMBER
Classification number 571.82346
100 1# - MAIN ENTRY--PERSONAL NAME
Personal name De la Bédoyère, Camilla
245 10 - TITLE STATEMENT
Title Acorn to oak tree /
Statement of responsibility, etc. Camilla de la Bédoyère.
260 ## - PUBLICATION, DISTRIBUTION, ETC.
Place of publication, distribution, etc. London :
Name of publisher, distributor, etc. QEB Publisning,
Date of publication, distribution, etc. 2010
300 ## - PHYSICAL DESCRIPTION
Extent 24 pages :
Other physical details color illustrations ;
Dimensions 25 cm.
490 ## - SERIES STATEMENT
Series statement Life Cycles
500 ## - GENERAL NOTE
General note Originally published: 2011.
500 ## - GENERAL NOTE
General note Includes index.
505 ## - FORMATTED CONTENTS NOTE
Formatted contents note K <br/>
520 ## - SUMMARY, ETC.
Summary, etc. Examines the life cycle of oak trees, including where they grow, what they need to grow, and why they are important --
521 2# - TARGET AUDIENCE NOTE
Target audience note 520 <br/>
Source Lexile <br/>
521 2# - TARGET AUDIENCE NOTE
Target audience note K <br/>
Source Raz-Plus <br/>
650 #0 - SUBJECT ADDED ENTRY--TOPICAL TERM
Topical term or geographic name entry element Oak
General subdivision Life cycles
Form subdivision Juvenile literature.
650 #1 - SUBJECT ADDED ENTRY--TOPICAL TERM
Topical term or geographic name entry element Oak.
650 #1 - SUBJECT ADDED ENTRY--TOPICAL TERM
Topical term or geographic name entry element Trees.
650 #1 - SUBJECT ADDED ENTRY--TOPICAL TERM
Topical term or geographic name entry element Acorns.
906 ## - LOCAL DATA ELEMENT F, LDF (RLIN)
a 7
b cbc
c copycat
d 2
e ncip
f 20
g y-gencatlg
942 ## - ADDED ENTRY ELEMENTS (KOHA)
Source of classification or shelving scheme Dewey Decimal Classification
Koha item type Books
Suppress in OPAC No
999 ## -
-- 2951
-- 2951
Holdings
Withdrawn status Lost status Source of classification or shelving scheme Damaged status Not for loan Collection Home library Current library Shelving location Date acquired Total Checkouts Full call number Barcode Date last seen Date last checked out Price effective from Koha item type Copy number
    Dewey Decimal Classification     Non-Fiction Footprints International School Library Network Toul Tom Poung Campus Footprints International School Library Network Toul Tom Poung Campus TTP Primary Yellow Bookshelves 01/25/2024 1 BED 571.82346​​​​ QK495.F14 FISTK02056 06/05/2025 05/23/2025 01/25/2024 Books  
    Dewey Decimal Classification     Non-Fiction Footprints International School Library Network Toul Tom Poung Campus Footprints International School Library Network Toul Tom Poung Campus TTP Primary Yellow Bookshelves 08/26/2025   BED 571.82346​​​​ QK495.F14 FISBK06058 08/26/2025   08/26/2025 Books 2